Statistiques concernant Equipes championnes de France de football

Cliquez ici pour prendre le quiz!

Statistiques générales

  • Ce quiz a été pris 970 fois
  • Le résultat moyen est 69 sur 78

Statistiques - réponses

AnnéeClub% Correct
1994Paris Saint-Germain FC
100%
2016Paris Saint-Germain FC
100%
2015Paris Saint-Germain FC
100%
2014Paris Saint-Germain FC
100%
2013Paris Saint-Germain FC
100%
1986Paris Saint-Germain FC
100%
1992Olympique de Marseille
99%
1991Olympique de Marseille
99%
1990Olympique de Marseille
99%
1971Olympique de Marseille
99%
1972Olympique de Marseille
99%
2010Olympique de Marseille
99%
1948Olympique de Marseille
99%
1989Olympique de Marseille
99%
1937Olympique de Marseille
99%
2007Olympique lyonnais
99%
2006Olympique lyonnais
99%
2005Olympique lyonnais
99%
2004Olympique lyonnais
99%
2003Olympique lyonnais
99%
2002Olympique lyonnais
99%
2008Olympique lyonnais
99%
1954Lille OSC
96%
2011Lille OSC
96%
1946Lille OSC
96%
1933Olympique lillois
96%
1997AS Monaco FC
95%
2000AS Monaco FC
95%
1988AS Monaco FC
95%
1982AS Monaco FC
95%
1978AS Monaco FC
95%
2017AS Monaco FC
95%
1961AS Monaco FC
95%
1963AS Monaco FC
95%
1984FC Girondins de Bordeaux
94%
2009FC Girondins de Bordeaux
94%
1950FC Girondins de Bordeaux
94%
1999FC Girondins de Bordeaux
94%
1987FC Girondins de Bordeaux
94%
1985FC Girondins de Bordeaux
94%
1957AS Saint-Etienne
93%
1969AS Saint-Etienne
93%
1964AS Saint-Etienne
93%
1970AS Saint-Etienne
93%
1976AS Saint-Etienne
93%
1981AS Saint-Etienne
93%
1968AS Saint-Etienne
93%
1974AS Saint-Etienne
93%
1967AS Saint-Etienne
93%
1975AS Saint-Etienne
93%
1983FC Nantes
92%
1973FC Nantes
92%
1995FC Nantes
92%
2001FC Nantes
92%
1977FC Nantes
92%
1965FC Nantes
92%
1966FC Nantes
92%
1980FC Nantes
92%
2012Montpellier HSC
92%
1998RC Lens
86%
1951OGC Nice
82%
1956OGC Nice
82%
1952OGC Nice
82%
1959OGC Nice
82%
1955Stade de Reims
76%
1953Stade de Reims
76%
1962Stade de Reims
76%
1958Stade de Reims
76%
1949Stade de Reims
76%
1960Stade de Reims
76%
1979RC Strasbourg
73%
1936RC Paris
72%
1996AJ Auxerre
71%
1938FC Sochaux-Montbéliard
54%
1935FC Sochaux-Montbéliard
54%
1934FC Sète
37%
1939FC Sète
37%
1947CO Roubaix-Tourcoing
24%

Distribution des résultats

Percentile par nombre de réponses

% des personnes avec chaque résultat

Votre développement - résultats

Vous n’avez pas pris ce quiz